00687nam a2200229 a 4500001001300000003000900013005001700022008004100039020002300080082001600103100000700119245006700126260004400193300000800237500003500245650001900280700000700299902000800306942000700314952011900321999001700440nice12345678IN_TiNIC20260116015059.0070913s2005 swea grp 000 0 eng  a9187748622 c10000a303.61bWIN a,  aHealing a Nation`s Wounds; Reconcilation on the Road Democracy aSwedenbLife and Peace Institute c2005 a75p aincludes index and biblioraphy aReconciliation1 a,  bSRS cBK 001040708StackRoom-aHMIbHMId2008-05-14g100.00l0o303.61 WINp11001806r2008-05-14v100.00w2007-09-13yBK c18232d18232